| 000 | 00492nam a2200157 4500 | ||
|---|---|---|---|
| 008 | 01998 0ant 000 0MEX | ||
| 020 | _a968-6708-38-3, 968-6708-38-3 | ||
| 050 | _aTA357 L48 1998 | ||
| 082 | _a621.402.2 L176f | ||
| 100 | _aLevenspiel, O. | ||
| 245 | _aFlujo de fluidos e intercambio de calor / O. Levenspiel | ||
| 250 | _a1 / reimp. 2004 | ||
| 260 | _aMéxico : Reverté | ||
| 300 | _avi, 373 p. / 22 cm. | ||
| 650 | _a1.DINAMICA DE FLUIDOS \ 2.TRANSMISION DE CALOR | ||
| 999 |
_c16863 _d16863 |
||